000 00488nam a22001577a 4500
003 OSt
005 20150929162254.0
008 150929b xxu||||| |||| 00| 0 eng d
040 _cRUA
082 _aAGR SRY 2002 B061 Or.1
100 _91575
_aSRY CHANRATHA
245 _aContribution a la collection des varietes de radis chinois a la station experimentale de l'universite royale d'agricuture,
260 _aphnom penh
_bRUA
_c2002
300 _a48p.
_bill.
_c29cm.
942 _2ddc
_cAGR
999 _c1486
_d1486